| 000 | 00402nam a2200133Ia 4500 | ||
|---|---|---|---|
| 008 | 220217s9999||||xx |||||||||||||| ||und|| | ||
| 020 | _a978-81-8404-342-6 | ||
| 082 | _a005.133 HAR | ||
| 100 |
_aHarwani, B. M _95491 |
||
| 245 | 0 | _aPractical java project for beginners | |
| 260 |
_aShroff publishers and dis. Pvt. _bMumbai _c2010 |
||
| 300 |
_aIX,108.;28cm _b150 |
||
| 650 | _aPROGRAMMING LANGUAGE | ||
| 999 |
_c180616 _d180616 |
||